| 000 | 00661nam a22002530a 4500 | ||
|---|---|---|---|
| 001 | PT2523 | ||
| 003 | AR-LpoUNG | ||
| 005 | 20211118110601.0 | ||
| 008 | 191001s1996||||mx |||||||||||||||||spa d | ||
| 020 |
_a9682311691 _c$11.94 |
||
| 040 |
_aAR-LpoUNG _bspa _cAR-LpoUNG _eaacr |
||
| 041 | _aspa | ||
| 044 | _amx | ||
| 082 | 0 | _a410 284pl | |
| 100 | 1 | _aBarthes, Roland | |
| 245 | 1 | 3 |
_aEl placer del texto : _blección inaugural |
| 260 |
_aMéxico, D. F. : _bSiglo Veintiuno, _c1996. |
||
| 300 |
_a150 p. : _btbls. |
||
| 650 | 4 | _aLINGÜISTICA | |
| 650 | 4 | _aLITERATURA | |
| 651 | 4 | _aDOCUMENTOS TEORICOS O METODOLOGICOS | |
| 905 | _a2523 | ||
| 942 |
_cLIB _2ddc |
||
| 999 |
_c3704 _d3704 |
||